00513nam a2200145Ia 4500008004100000082002000041100001900061245001300080260004000093630001800133650007100151942000900222952011900231999001700350211118s9999||||xx |||||||||||||| ||und|| a891.433 bSAH-J aSahni, Bhishma 0aJharokhe bRajkamal PrakashanaNew Delhic1999 xGeneral Stack aHindi Literatureveast indo-european and celtic languagesGeneralia cBOOK 00102ddc4070aSBCLbSBCLc2d2021-11-18g25.00o891.433 SAH-Jp00103092r2021-11-18 00:00:00w2021-11-18yBOOK c97730d97730